Logo BPK

Biblioteka

Politechniki Koszalińskiej

Jauche und Levkojen : (Rekord nr 50607)

Szczegóły MARC
000 -ETYKIETA REKORDU
podpole kontrolne o stałej długości 00678nam a2200217 i 4500
001 - NUMER KONTROLNY REKORDU
pole kontrolne bgj
020 ## - MIĘDZYNARODOWY ZNORMALIZOWANY NUMER KSIĄŻKI - ISBN
ISBN 3550062486
040 ## - ŹRÓDŁO KATALOGOWANIA
Instytucja, która utworzyła rekord BPK
041 0# - KOD JĘZYKA
Kod języka tekstu ger
920 ## - Międzynarodowy znormalizowany numer książki – ISBN
ISBN 3-550-06248-6
008 - POLE O STAŁEJ DŁUGOŚCI - DANE KONTROLNE
podpole kontrolne o stałej długości s gw f |000 0 ger
100 1# - NAZWA OSOBOWA
Nazwa osobowa BRÜCKNER, Christine
Daty związane z nazwą (1921- )
245 10 - TYTUŁ/ODPOWIEDZIALNOŚĆ
Tytuł Jauche und Levkojen :
Ciąg dalszy tytułu Roman /
Pozostałe elementy strefy tytułu i oznaczenia odpowiedzialności Christine Brückner.
260 ## - STREFA ADRESU WYDAWNICZEGO
Miejsce wydania Berlin :
Nazwa wydawcy/dystrybutora Verlag Ullstein GmbH.,
Data publikacji, dystrybucji/powstania dokumentu 1976.
300 ## - STREFA OPISU FIZYCZNEGO
Objętość 314 S. ;
Rozmiary 22 cm.
651 #9 - HASŁO PRZEDMIOTOWE W FORMIE NAZWY GEOGRAFICZNEJ
Nazwa geograficzna Hinterpommern
Określnik ogólny Frau
Określnik chronologiczny Geschichte 1918-1945
651 #9 - HASŁO PRZEDMIOTOWE W FORMIE NAZWY GEOGRAFICZNEJ
Nazwa geograficzna Hinterpommern
Określnik ogólny Vertreibung
-- Weiblicher Flüchtling
651 #9 - HASŁO PRZEDMIOTOWE W FORMIE NAZWY GEOGRAFICZNEJ
Nazwa geograficzna Hinterpommern
Określnik ogólny Vertreibung
-- Frau
-- Heimatlosigkeit
655 ## - TERMIN INDEKSOWY - OKREŚLENIE RODZAJU/FORMY DOKUMENTU
Określenie rodzaju/formy dokumentu Beletristiche Darstellung
856 ## - LOKALIZACJA I DOSTĘP DO ELEKTRONICZNYCH DOKUMENTÓW ZDALNYCH
Link (URL) http://koha.tu.koszalin.pl/cgi-bin/koha/opac-detail.pl?biblionumber=50607
Tekst linku Katalog online BPK
942 ## - DODATKOWE ELEMENTY (KOHA)
Typ dokumentu Książka
Egzemplarze
Wycofany Status egzemplarza Uszkodzony Dostępność Lokalizacja stała Lokalizacja bieżąca Miejsce przechowywania Sygnatura Kod kreskowy Typ dokumentu
      Dostępny Biblioteka Politechniki Koszalińskiej Biblioteka Politechniki Koszalińskiej Wypożyczalnia Językowa N 610 09046238 Książka
© 2023 Biblioteka Politechniki Koszalińskiej :: KOHA